000
00292nam a2200121Ia 4500
005
20260326100046.0
008
260326s9999||||xx |||||||||||||| ||und||
100
_a
Ferrero, Luis
245
0
_a
La Escultura en Costa Rica /
_c
Luis Ferrero
260
_b
Costa Rica
650
_a
ARTE
942
_c
BK
999
_c
7187
_d
7187